| 000 | 00740nam a2200217Ia 4500 | ||
|---|---|---|---|
| 003 | GCL | ||
| 008 | 140319s9999 xx 000 0 ara d | ||
| 040 |
_aGCL / _cGCL |
||
| 082 | 0 | 4 |
_a322.2 _bا م |
| 100 | 1 | _aاحمد ابراهيم موسى | |
| 245 | 1 | 0 |
_aمن بين صفوف الطبقة العاملة المصرية 1971-1943 رؤية موضوعية من خلال تجربة شخصية / _cاحمد ابراهيم موسى |
| 260 |
_a[S.N] : _bدار المستقبل العربى ، _c1985 |
||
| 300 | _a132 ص | ||
| 490 | _a | ||
| 650 | 0 | 4 | _aالعصر الحديث |
| 650 | 0 | 4 | _aمصر |
| 650 | 0 | 4 | _aالاحوال السياسية |
| 650 | 0 | 4 | _aالعمل والعمال |
| 650 | 0 | 4 | _aالنقابات |
| 942 |
_2ddc _cBK |
||
| 999 |
_c28002 _d28002 |
||